El desarrollo de las ideas en la sociedad argentina del siglo XX

Furkejuvvon:
Bibliográfalaš dieđut
Váldodahkki: Romero, José Luis (Dahkki)
Materiálatiipa: Girji
Giella:espánnjágiella
Almmustuhtton: Ciudad de México Fondo de Cultura Económica 1965
Ráidu:Coleccion Tierra Firme. Historia de las Ideas Contemporáneas, 8
Fáttát:
Fáddágilkorat: Lasit fáddágilkoriid
Eai fáddágilkorat, Lasit vuosttaš fáddágilkora!

MARC

LEADER 00000nam a2200000 a 4500
001 UCO3173
003 CL-VaPUC
008 000714e19650000MX |||||||||||||||||spa|d
082 0 4 |a 982.06  |b ROM  |2 21 
100 0 |a Romero, José Luis  |e author  |9 316760 
245 1 3 |a El desarrollo de las ideas en la sociedad argentina del siglo XX 
300 |a 197 p 
942 |c BK 
945 |d 20000714 00:00:00  |a rherrera 
260 |a Ciudad de México  |b Fondo de Cultura Económica  |c 1965 
650 7 |a HISTORIA DE ARGENTINA SIGLO 20  |2 CL-VaPUC  |9 332202 
650 0 |a Desarrollo económico y social   |9 256320 
651 0 |a Argentina  |9 254888 
490 0 |a Coleccion Tierra Firme. Historia de las Ideas Contemporáneas, 8 
999 |c 289643  |d 289641 
583 |k Rodrigo Vera 
952 |0 0  |1 0  |4 0  |6 982_060000000000000_ROM_1965  |7 0  |8 A  |9 338213  |a BIBHIS  |b BIBHIS  |d 2019-11-20  |i 1299905  |l 2  |o 982.06 ROM 1965  |p 1299905  |r 2025-01-20  |s 2024-04-25  |w 2019-11-20  |y BK  |k HIS